[Event "Barcelona City op 24th"]
[Site "Barcelona"]
[Date "2019.10.05"]
[Round "9"]
[White "Semenov, Dmitri"]
[Black "Ivanisevic, Ivan"]
[Result "0-1"]
[WhiteElo "2366"]
[BlackElo "2618"]
[PlyCount "62"]
[EventDate "2019.09.27"]
[EventType "swiss"]
[EventRounds "9"]
[EventCountry "ESP"]
[SourceTitle "EXT 2020"]
[Source "ChessBase"]
[SourceDate "2019.10.17"]
[SourceVersion "1"]
[SourceVersionDate "2019.10.17"]
[SourceQuality "1"]

1. e4 c5 2. Nf3 e6 3. b3 a6 4. Bb2 Nc6 5. Bd3 Nb4 6. Be2 d5 7. e5 Nc6 8. c3 d4 9. Bd3 g5 10. Be4 g4 11. Bxc6+ bxc6 12. Ng1 Qg5 13. Qe2 Ne7 14. h3 gxh3 15. g3 Qf5 16. cxd4 cxd4 17. Bxd4 c5 18. Bb2 Bb7 19. Rxh3 h5 20. Na3 Nd5 21. Qf3 Qg6 22. Nc4 0-0-0 23. Na5 Ba8 24. Rh4 Be7 25. Rc4 h4 26. Rg4 Qc2 27. Nc4 h3 28. Nxh3 Rxh3 29. Qxf7 Rh1+ 30. Ke2 Nf4+ 31. Ke3 Ng2+ 0-1

[Event "Barcelona City op 24th"]
[Site "Barcelona"]
[Date "2019.10.04"]
[Round "8"]
[White "Lagarde, Maxime"]
[Black "Semenov, Dmitri"]
[Result "1/2-1/2"]
[WhiteElo "2657"]
[BlackElo "2366"]
[PlyCount "100"]
[EventDate "2019.09.27"]
[EventType "swiss"]
[EventRounds "9"]
[EventCountry "ESP"]
[SourceTitle "EXT 2020"]
[Source "ChessBase"]
[SourceDate "2019.10.17"]
[SourceVersion "1"]
[SourceVersionDate "2019.10.17"]
[SourceQuality "1"]

1. e4 e5 2. Nf3 Nc6 3. Nc3 Bc5 4. Nxe5 Nxe5 5. d4 Bd6 6. dxe5 Bxe5 7. Bd3 Ne7 8. Bg5 c6 9. Qd2 h6 10. Be3 d5 11. 0-0-0 Qa5 12. exd5 Bxc3 13. Qxc3 Qxc3 14. bxc3 Nxd5 15. Bc5 Be6 16. Rhe1 b6 17. Ba3 0-0-0 18. Bb2 Kb7 19. c4 Nb4 20. Bxg7 Rhg8 21. Bf6 Nxd3+ 22. cxd3 Rde8 23. Bh4 Bf5 24. Kd2 c5 25. Re3 Rxe3 26. Kxe3 Re8+ 27. Kf3 a6 28. g4 Bg6 29. a4 Kc6 30. Bg3 h5 31. h3 Re6 32. Kf4 hxg4 33. Kxg4 Re8 34. h4 Rh8 35. Rd2 Rg8 36. Kg5 Rh8 37. Kf6 Rd8 38. f4 Rd6+ 39. Kg5 Bxd3 40. f5 f6+ 41. Kh6 Rd4 42. Bf2 Rd7 43. h5 Bxf5 44. Rxd7 Kxd7 45. Kg7 Kc6 46. Kxf6 Bd3 47. h6 b5 48. axb5+ axb5 49. cxb5+ Kxb5 50. Bxc5 Kxc5 1/2-1/2

[Event "Kiev Chess School 3rd"]
[Site "Kiev"]
[Date "2017.10.25"]
[Round "4"]
[White "Antoshkiv, Anastasiya"]
[Black "Semenov, Dmitri"]
[Result "1/2-1/2"]
[WhiteElo "1826"]
[BlackElo "2420"]
[PlyCount "46"]
[EventDate "2017.10.24"]
[EventType "tourn"]
[EventRounds "11"]
[EventCountry "UKR"]
[EventCategory "1"]
[SourceTitle "EXT 2019"]
[Source "ChessBase"]
[SourceDate "2018.10.10"]
[SourceVersion "1"]
[SourceVersionDate "2018.10.10"]
[SourceQuality "1"]

1. e4 e5 2. Bc4 Bc5 3. Nf3 Nc6 4. 0-0 Nf6 5. d3 d6 6. Bg5 h6 7. Bxf6 Qxf6 8. Nc3 Bg4 9. Nd5 Qd8 10. h3 Bh5 11. c3 0-0 12. b4 Bb6 13. a4 a5 14. b5 Ne7 15. Nxb6 cxb6 16. Qe2 Kh8 17. g4 Bg6 18. Nh4 Ng8 19. Nf5 Bxf5 20. gxf5 Qh4 21. Qg4 Qxg4+ 22. hxg4 Nf6 23. f3 Rac8 1/2-1/2

[Event "Berezovskoe op-B"]
[Site "Berezovskoe"]
[Date "2008.08.29"]
[Round "8"]
[White "Semenov, Dmitri"]
[Black "Shalimov, Valery"]
[Result "1-0"]
[WhiteElo "2342"]
[BlackElo "2438"]
[PlyCount "99"]
[EventDate "2008.08.25"]
[EventType "swiss"]
[EventRounds "9"]
[EventCountry "UKR"]
[SourceTitle "CBM 126 Extra"]
[Source "ChessBase"]
[SourceDate "2008.11.05"]
[SourceVersion "1"]
[SourceVersionDate "2008.11.05"]
[SourceQuality "1"]

1. e4 c5 2. Nc3 Nc6 3. g3 g6 4. d3 Bg7 5. Be3 d6 6. Bg2 Nf6 7. h3 Rb8 8. Qd2 b5 9. f4 b4 10. Nd1 e5 11. fxe5 Nxe5 12. Ne2 0-0 13. 0-0 Ne8 14. Bh6 a5 15. Rf2 Be6 16. Bxg7 Kxg7 17. Ne3 a4 18. b3 Qd7 19. Kh2 f6 20. Rd1 axb3 21. axb3 Nc7 22. d4 cxd4 23. Qxd4 Rfd8 24. Nf4 Qc6 25. Ra1 Bf7 26. Ned5 Nxd5 27. exd5 Qc5 28. Qxc5 dxc5 29. Ne6+ Bxe6 30. dxe6 Re8 31. Ra7+ Kh6 32. Rxf6 Rb6 33. Rf4 Rbxe6 34. Rh4+ Kg5 35. Raxh7 Rf6 36. Re4 Rf2 37. Kg1 Rxc2 38. Rf4 Nf3+ 39. Rxf3 Re5 40. Rhf7 Re1+ 41. Bf1 Rb1 42. Rc7 Rbc1 43. Rf2 Rc3 44. Kg2 R1c2 45. Be2 Re3 46. Bc4 Rcc3 47. Rxc5+ Kh6 48. g4 Rg3+ 49. Kh1 Rxh3+ 50. Rh2 1-0

[Event "Berezovskoe op-B"]
[Site "Berezovskoe"]
[Date "2008.08.28"]
[Round "6"]
[White "Semenov, Dmitri"]
[Black "Prokhorov, Alexander"]
[Result "1/2-1/2"]
[WhiteElo "2342"]
[BlackElo "2156"]
[PlyCount "95"]
[EventDate "2008.08.25"]
[EventType "swiss"]
[EventRounds "9"]
[EventCountry "UKR"]
[SourceTitle "CBM 126 Extra"]
[Source "ChessBase"]
[SourceDate "2008.11.05"]
[SourceVersion "1"]
[SourceVersionDate "2008.11.05"]
[SourceQuality "1"]

1. e4 c5 2. Nc3 Nc6 3. g3 g6 4. Bg2 Bg7 5. d3 d6 6. Be3 Rb8 7. Qd2 Nd4 8. Nd1 e5 9. c3 Nc6 10. Ne2 Nf6 11. h3 b6 12. f4 Bb7 13. 0-0 0-0 14. c4 exf4 15. Bxf4 Ne5 16. Bg5 h6 17. Bxh6 Bxh6 18. Qxh6 Nxd3 19. Ne3 Nh7 20. Rad1 Ne5 21. Nf4 Qg5 22. Qxg5 Nxg5 23. Nfd5 Rbd8 24. b3 Ne6 25. Rf2 Kg7 26. Nc3 Nd4 27. g4 Rfe8 28. Kh2 Re6 29. Kg3 Bc6 30. Nc2 Nxc2 31. Rxc2 g5 32. Rcd2 Rh6 33. Ne2 Kf8 34. Kf2 Ke7 35. Ng3 Bd7 36. Nf5+ Bxf5 37. exf5 Kd7 38. Kg3 Kc7 39. Re1 Rb8 40. Rh1 b5 41. cxb5 Rxb5 42. Bd5 Rb4 43. a3 Rb8 44. h4 gxh4+ 45. Rxh4 Rxh4 46. Kxh4 f6 47. Kg3 Rh8 48. Rd1 1/2-1/2

[Event "Berezovskoe op-B"]
[Site "Berezovskoe"]
[Date "2008.08.27"]
[Round "4"]
[White "Semenov, Dmitri"]
[Black "Malyi, Viacheslav"]
[Result "1-0"]
[WhiteElo "2342"]
[BlackElo "2028"]
[PlyCount "95"]
[EventDate "2008.08.25"]
[EventType "swiss"]
[EventRounds "9"]
[EventCountry "UKR"]
[SourceTitle "CBM 126 Extra"]
[Source "ChessBase"]
[SourceDate "2008.11.05"]
[SourceVersion "1"]
[SourceVersionDate "2008.11.05"]
[SourceQuality "1"]

1. e4 e6 2. d3 d5 3. Nd2 b6 4. g3 Bb7 5. Bg2 Nf6 6. e5 Nfd7 7. Ngf3 c5 8. 0-0 Nc6 9. Re1 Be7 10. h4 Qc7 11. Qe2 0-0 12. Nf1 Rae8 13. Bf4 Qc8 14. Bh3 d4 15. c4 dxc3 16. bxc3 b5 17. N1d2 Nb6 18. Ne4 Rd8 19. Bg5 Qd7 20. Rad1 b4 21. c4 Nd4 22. Nxd4 cxd4 23. Nf6+ gxf6 24. exf6 Qc6 25. Kh2 Bc5 26. Bh6 Qf3 27. Qxf3 Bxf3 28. Re5 Kh8 29. Rxc5 Bxd1 30. Bg7+ Kg8 31. Rg5 h6 32. Bxh6+ Kh7 33. Bg7 Rh8 34. g4 Kg8 35. Bh6+ Kh7 36. Bg7 Kg8 37. Kg3 Rh7 38. Bg2 Nd7 39. Be4 Rxg7 40. Rxg7+ Kf8 41. g5 Nc5 42. Bh7 Ke8 43. g6 fxg6 44. Bxg6+ Kf8 45. Rh7 Kg8 46. f7+ Kf8 47. Rh8+ Ke7 48. Rxd8 1-0

[Event "Stepichev Memorial 13th"]
[Site "Kiev"]
[Date "2006.01.16"]
[Round "10"]
[White "Kernazhitsky, Leonid"]
[Black "Semenov, Dmitri"]
[Result "1/2-1/2"]
[WhiteElo "2355"]
[BlackElo "2342"]
[PlyCount "150"]
[EventDate "2006.01.08"]
[EventType "tourn"]
[EventRounds "11"]
[EventCountry "UKR"]
[EventCategory "2"]
[SourceTitle "CBM 110 Extra"]
[Source "ChessBase"]
[SourceDate "2006.03.10"]
[SourceVersion "2"]
[SourceVersionDate "2006.03.10"]
[SourceQuality "1"]

1. e4 g6 2. d4 Bg7 3. Nc3 c6 4. Nf3 d6 5. Be3 b5 6. h3 Nd7 7. Qd2 Qc7 8. Bd3 Ngf6 9. 0-0 0-0 10. Ne2 Rb8 11. Ng3 e5 12. c3 Re8 13. Bh6 Nf8 14. Nh4 Ne6 15. Bxg7 Kxg7 16. Ne2 h6 17. f4 exf4 18. Nxf4 Ng5 19. d5 c5 20. Rae1 c4 21. Bc2 Qc5+ 22. Kh2 Bd7 23. Nfxg6 fxg6 24. Nxg6 Ngxe4 25. Qf4 Qxd5 26. Rf3 Qg5 27. Rxe4 Rxe4 28. Qxd6 Rbe8 29. Rg3 Bg4 30. Bxe4 Rxe4 31. Ne7 h5 32. Qc7 Kh6 33. Qd8 Kg7 34. Qc7 Qe5 35. Nf5+ Kg6 36. Nh4+ Kh6 37. Qf7 Qg5 38. Qf8+ Kh7 39. Qf7+ Qg7 40. Qxg7+ Kxg7 41. Nf3 Kf8 42. hxg4 hxg4 43. Nd4 Nh5 44. Nxb5 Nxg3 45. Kxg3 Re2 46. Nxa7 Rxb2 47. a4 Ra2 48. Nb5 Rxa4 49. Kxg4 Ra2 50. Kf3 Rd2 51. g4 Kg7 52. Ke4 Rd3 53. Nc7 Rxc3 54. Kd4 Rc1 55. Nb5 Kf6 56. Nc3 Rg1 57. Kxc4 Rxg4+ 58. Kd3 Ke5 59. Ne2 Rh4 60. Ke3 Rh3+ 61. Kd2 Ke4 62. Nc3+ Kd4 63. Ne2+ Kc4 64. Nf4 Ra3 65. Ne2 Rf3 66. Ng1 Rd3+ 67. Ke2 Ra3 68. Nf3 Kd5 69. Nd2 Kd4 70. Nf3+ Ke4 71. Nd2+ Kf4 72. Nc4 Rc3 73. Nd2 Re3+ 74. Kd1 Rd3 75. Ke2 Rh3 1/2-1/2

[Event "Stepichev Memorial 13th"]
[Site "Kiev"]
[Date "2006.01.15"]
[Round "9"]
[White "Semenov, Dmitri"]
[Black "Nikolaev, Leonid"]
[Result "1/2-1/2"]
[WhiteElo "2342"]
[BlackElo "2314"]
[PlyCount "24"]
[EventDate "2006.01.08"]
[EventType "tourn"]
[EventRounds "11"]
[EventCountry "UKR"]
[EventCategory "2"]
[SourceTitle "CBM 110 Extra"]
[Source "ChessBase"]
[SourceDate "2006.03.10"]
[SourceVersion "2"]
[SourceVersionDate "2006.03.10"]
[SourceQuality "1"]

1. e4 c5 2. Nc3 Nc6 3. g3 g6 4. Bg2 Bg7 5. d3 d6 6. f4 e6 7. Nf3 Nge7 8. 0-0 0-0 9. Be3 Nd4 10. Rb1 Rb8 11. Ne2 Nxf3+ 12. Bxf3 b6 1/2-1/2

[Event "Stepichev Memorial 13th"]
[Site "Kiev"]
[Date "2006.01.09"]
[Round "2"]
[White "Semenov, Dmitri"]
[Black "Kosikov, Andrey"]
[Result "1-0"]
[WhiteElo "2342"]
[BlackElo "2132"]
[PlyCount "111"]
[EventDate "2006.01.08"]
[EventType "tourn"]
[EventRounds "11"]
[EventCountry "UKR"]
[EventCategory "2"]
[SourceTitle "CBM 110 Extra"]
[Source "ChessBase"]
[SourceDate "2006.03.10"]
[SourceVersion "2"]
[SourceVersionDate "2006.03.10"]
[SourceQuality "1"]

1. e4 c5 2. Nc3 Nc6 3. g3 g6 4. Bg2 Bg7 5. d3 Nf6 6. Be3 d6 7. h3 0-0 8. Qd2 Re8 9. f4 Rb8 10. Nf3 b5 11. 0-0 b4 12. Ne2 Nd7 13. Rab1 Qa5 14. Nc1 Ba6 15. Qf2 Rbc8 16. g4 c4 17. Rd1 cxd3 18. cxd3 Nc5 19. Qh4 Ne6 20. d4 Nf8 21. d5 Nd8 22. Qf2 Nd7 23. Nb3 Qa4 24. Bd4 Bxd4 25. Nfxd4 Nc5 26. g5 e5 27. fxe5 Rxe5 28. Nxc5 Rxc5 29. Qf6 Qe8 30. Qxd6 Ra5 31. Qf6 Bb7 32. Nf3 Rxe4 33. Re1 Bxd5 34. Rxe4 Bxe4 35. Re1 Ne6 36. Rxe4 Qf8 37. Ne5 Nxg5 38. Qxg5 f6 39. Nxg6 fxg5 40. Nxf8 Kxf8 41. Rxb4 Rxa2 42. Bd5 Ra5 43. Be4 h5 44. Rb7 Ra2 45. Bg6 h4 46. Kf2 a5 47. Kf3 a4 48. Kg4 a3 49. bxa3 Rxa3 50. Bf5 Rg3+ 51. Kh5 Re3 52. Kxg5 Re7 53. Rb6 Re5 54. Kf6 Re8 55. Be6 Rd8 56. Rb7 1-0

[Event "Stepichev Memorial 12th"]
[Site "Kiev"]
[Date "2004.12.27"]
[Round "7"]
[White "Semenov, Dmitri"]
[Black "Leshchenko, Vasilij"]
[Result "1-0"]
[WhiteElo "2342"]
[BlackElo "2145"]
[PlyCount "63"]
[EventDate "2004.12.21"]
[EventType "swiss"]
[EventRounds "9"]
[EventCountry "UKR"]
[SourceTitle "CBM 104 Extra"]
[Source "ChessBase"]
[SourceDate "2005.03.01"]
[SourceVersion "1"]
[SourceVersionDate "2005.03.01"]
[SourceQuality "1"]

1. g3 c5 2. Bg2 Nf6 3. e4 Nc6 4. d3 g6 5. Nc3 Bg7 6. Be3 d6 7. h3 0-0 8. Qd2 e6 9. Nge2 a6 10. 0-0 Qc7 11. f4 Bd7 12. g4 Ne7 13. f5 exf5 14. exf5 gxf5 15. Bh6 Ne8 16. Ng3 fxg4 17. Nh5 Nf5 18. Bxg7 Nfxg7 19. Nd5 Nxh5 20. Nxc7 Nxc7 21. Qh6 gxh3 22. Qxh5 hxg2 23. Qg5+ Kh8 24. Qf6+ Kg8 25. Rf3 Bg4 26. Qg5+ Kh8 27. Qxg4 Rae8 28. Qh4 f5 29. Kxg2 Re2+ 30. Rf2 Re3 31. Rh1 Rg8+ 32. Kf1 1-0

[Event "Stepichev Memorial 12th"]
[Site "Kiev"]
[Date "2004.12.26"]
[Round "6"]
[White "Kislinsky, Alexey"]
[Black "Semenov, Dmitri"]
[Result "1-0"]
[WhiteElo "2408"]
[BlackElo "2342"]
[PlyCount "69"]
[EventDate "2004.12.21"]
[EventType "swiss"]
[EventRounds "9"]
[EventCountry "UKR"]
[SourceTitle "CBM 104 Extra"]
[Source "ChessBase"]
[SourceDate "2005.03.01"]
[SourceVersion "1"]
[SourceVersionDate "2005.03.01"]
[SourceQuality "1"]

1. e4 c6 2. d4 d5 3. exd5 cxd5 4. c4 Nf6 5. Nc3 e6 6. Nf3 Be7 7. cxd5 Nxd5 8. Bc4 0-0 9. 0-0 Nc6 10. Re1 Nxc3 11. bxc3 b6 12. Bd3 Bb7 13. h4 Rc8 14. Ng5 Bxg5 15. Bxg5 Qd5 16. Be4 Qd7 17. Re3 f5 18. Bc2 Na5 19. Bf4 Nc4 20. Rg3 Rf7 21. Qe2 Bd5 22. Re1 Nd6 23. h5 Ne4 24. Bxe4 Bxe4 25. h6 g6 26. c4 Qxd4 27. Rd1 Qc5 28. Qh5 Rg7 29. Qh4 Rf7 30. Bd6 Qc6 31. Ba3 Qc7 32. Re3 Rd7 33. Rxd7 Qxd7 34. Qf6 e5 35. Be7 1-0

[Event "Stepichev Memorial 12th"]
[Site "Kiev"]
[Date "2004.12.25"]
[Round "5"]
[White "Semenov, Dmitri"]
[Black "Shishkin, Vadim"]
[Result "1/2-1/2"]
[WhiteElo "2342"]
[BlackElo "2480"]
[PlyCount "91"]
[EventDate "2004.12.21"]
[EventType "swiss"]
[EventRounds "9"]
[EventCountry "UKR"]
[SourceTitle "CBM 104 Extra"]
[Source "ChessBase"]
[SourceDate "2005.03.01"]
[SourceVersion "1"]
[SourceVersionDate "2005.03.01"]
[SourceQuality "1"]

1. e4 c5 2. Nc3 Nc6 3. g3 g6 4. d3 Bg7 5. Be3 b5 6. Qd2 b4 7. Nd1 d6 8. Bg2 e5 9. h4 Nf6 10. Bh6 Bxh6 11. Qxh6 a5 12. Qd2 Be6 13. Ne3 d5 14. exd5 Nxd5 15. h5 g5 16. Ne2 f6 17. f4 gxf4 18. gxf4 Rg8 19. 0-0-0 Qd7 20. fxe5 fxe5 21. Rhg1 0-0-0 22. Nc4 Kc7 23. Qh6 Nde7 24. Be4 Bxc4 25. dxc4 Rxg1 26. Rxg1 Nd4 27. Bd3 Nef5 28. Qg5 Nxe2+ 29. Bxe2 h6 30. Qg4 Nd4 31. Bd3 Qxg4 32. Rxg4 Rd6 33. Kd2 Nf3+ 34. Ke3 Ng5 35. Rg1 Rf6 36. Be2 Rf4 37. c3 bxc3 38. bxc3 Re4+ 39. Kd3 Rh4 40. Rf1 Rh3+ 41. Kc2 Rh2 42. Kd2 Rh3 43. Kc2 Rh2 44. Kd2 Rh3 45. Kc2 Rh2 46. Kd3 1/2-1/2

[Event "Stepichev Memorial 12th"]
[Site "Kiev"]
[Date "2004.12.24"]
[Round "4"]
[White "Borsuk, Konstantin"]
[Black "Semenov, Dmitri"]
[Result "0-1"]
[WhiteElo "2152"]
[BlackElo "2342"]
[PlyCount "166"]
[EventDate "2004.12.21"]
[EventType "swiss"]
[EventRounds "9"]
[EventCountry "UKR"]
[SourceTitle "CBM 104 Extra"]
[Source "ChessBase"]
[SourceDate "2005.03.01"]
[SourceVersion "1"]
[SourceVersionDate "2005.03.01"]
[SourceQuality "1"]

1. d4 g6 2. c4 Bg7 3. Nc3 c5 4. d5 Bxc3+ 5. bxc3 f5 6. Nf3 d6 7. h4 Nf6 8. Bh6 Qa5 9. Qb3 Nbd7 10. e3 Nb6 11. Nd2 Bd7 12. Bd3 Ng4 13. Bf4 0-0-0 14. f3 Nf6 15. Bh6 Rhe8 16. 0-0 Ba4 17. Qb2 e5 18. dxe6 Rxe6 19. e4 fxe4 20. fxe4 Ng4 21. Bg5 Rde8 22. Be2 Ne5 23. Rf6 Bc6 24. Qc2 Na4 25. Rc1 Qc7 26. Rxe6 Rxe6 27. Nf3 Nf7 28. Bd3 h6 29. Bf4 Qe7 30. h5 gxh5 31. Re1 Kb8 32. Bg3 Nb6 33. Nh4 Nd7 34. Nf5 Qg5 35. Qf2 Nde5 36. Bf1 Qg4 37. Qf4 Kc7 38. Re3 Qxf4 39. Bxf4 Ng4 40. Re1 Rxe4 41. Rxe4 Bxe4 42. Ne3 Nxe3 43. Bxe3 Ng5 44. Be2 Bg6 45. a3 Kd7 46. Kf1 Ke6 47. Bf4 b6 48. Ke1 Ke7 49. Bf1 h4 50. Be3 Bf5 51. Bf2 h3 52. gxh3 Bxh3 53. Be2 Bf5 54. Be3 Ke6 55. Bf4 Kd7 56. Bf1 Bg4 57. Bg2 Be6 58. Bf1 Kc6 59. Kd2 d5 60. cxd5+ Bxd5 61. Kc2 c4 62. Be2 Be6 63. Bh5 Bf5+ 64. Kb2 Kd5 65. Be8 Bc8 66. Bg6 Bd7 67. Bb8 a6 68. Bf4 b5 69. Be3 Be6 70. Bf4 Bg4 71. a4 bxa4 72. Ka3 Bd1 73. Be3 Ke5 74. Be8 Ke4 75. Bd4 Kd3 76. Bg6+ Ne4 77. Kb4 a5+ 78. Ka3 h5 79. Bf6 Ke3 80. Bxe4 Kxe4 81. Bd8 Kd3 82. Bxa5 h4 83. Kb2 h3 0-1

[Event "Kiev-ch"]
[Site "Kiev"]
[Date "2004.01.25"]
[Round "8"]
[White "Semenov, Dmitri"]
[Black "Perun, Sergey"]
[Result "1/2-1/2"]
[WhiteElo "2329"]
[BlackElo "2350"]
[PlyCount "21"]
[EventDate "2004.01.16"]
[EventType "swiss"]
[EventRounds "11"]
[EventCountry "UKR"]
[SourceTitle "CBM 098 Extra"]
[Source "ChessBase"]
[SourceDate "2004.03.10"]
[SourceVersion "2"]
[SourceVersionDate "2004.03.10"]
[SourceQuality "1"]

1. e4 e6 2. d4 d5 3. exd5 exd5 4. Nf3 Bd6 5. Be2 Bg4 6. 0-0 Ne7 7. h3 Bh5 8. c3 Nd7 9. Re1 f6 10. Nbd2 c6 11. Nf1 1/2-1/2

[Event "Stepichev Memorial 10th"]
[Site "Kiev"]
[Date "2002.12.29"]
[Round "9"]
[White "Semenov, Dmitri"]
[Black "Pavlov, Sergey"]
[Result "1/2-1/2"]
[WhiteElo "2329"]
[BlackElo "2003"]
[PlyCount "66"]
[EventDate "2002.12.20"]
[EventType "swiss"]
[EventRounds "9"]
[EventCountry "UKR"]
[SourceTitle "EXT 2004"]
[Source "ChessBase"]
[SourceDate "2003.11.25"]
[SourceVersion "1"]
[SourceVersionDate "2003.11.25"]
[SourceQuality "1"]

1. e4 c5 2. Nc3 Nc6 3. g3 g6 4. d3 Bg7 5. Bg2 d6 6. Nh3 h5 7. f4 Bg4 8. Qd2 Nd4 9. Ng1 Nh6 10. h3 Bd7 11. Nd5 e6 12. Ne3 f5 13. c3 Nc6 14. Nf3 Nf7 15. 0-0 Qc7 16. Rb1 Ne7 17. b4 c4 18. exf5 Nxf5 19. Nxf5 gxf5 20. dxc4 Qxc4 21. Bb2 Rc8 22. Nd4 Bxd4+ 23. cxd4 d5 24. Rfc1 Qb5 25. Rxc8+ Bxc8 26. Rc1 Bd7 27. Rc5 Qb6 28. Qe2 Kd8 29. a3 Qd6 30. Bc1 Qf8 31. Be3 Qg7 32. Bf2 Nd6 33. Rc3 Ne4 1/2-1/2

[Event "UKR-ch U20 sf"]
[Site "Kiev"]
[Date "2002.12.10"]
[Round "3"]
[White "Semenov, Dmitri"]
[Black "Iakymov, Volodymyr"]
[Result "1/2-1/2"]
[WhiteElo "2329"]
[BlackElo "2359"]
[PlyCount "109"]
[EventDate "2002.12.07"]
[EventType "swiss"]
[EventRounds "9"]
[EventCountry "UKR"]
[SourceTitle "EXT 2004"]
[Source "ChessBase"]
[SourceDate "2003.11.25"]
[SourceVersion "1"]
[SourceVersionDate "2003.11.25"]
[SourceQuality "1"]

1. e4 e6 2. d4 d5 3. Nd2 Nf6 4. e5 Nfd7 5. c3 c5 6. Bd3 Nc6 7. Ne2 cxd4 8. cxd4 f6 9. exf6 Nxf6 10. 0-0 Bd6 11. Nf3 0-0 12. Bf4 Bxf4 13. Nxf4 Ng4 14. Qd2 Qd6 15. g3 e5 16. dxe5 Ngxe5 17. Nxe5 Nxe5 18. Be4 d4 19. Rad1 Rd8 20. Qa5 Kh8 21. Nd3 Nxd3 22. Rxd3 Bg4 23. f3 Be6 24. Rfd1 Bc4 25. R3d2 Qh6 26. b3 Ba6 27. Kg2 Rf8 28. Qc5 d3 29. Bxd3 Rac8 30. Qf2 Bxd3 31. Rxd3 a6 32. R1d2 Qg6 33. Rd7 Qc6 34. R2d6 Qb5 35. Qb2 Rg8 36. Rd2 Rce8 37. Qc1 Rgf8 38. Qc4 Qg5 39. Qg4 Qf6 40. R7d6 Qc3 41. R6d3 Qc1 42. Rd7 Qc3 43. R7d3 Qc1 44. Rd7 Qc3 45. R2d4 Rg8 46. f4 Qc6+ 47. R7d5 Re3 48. Kh3 Re6 49. Qf5 Rf6 50. Qd3 Rh6+ 51. Kg2 Rf6 52. Kh3 Rh6+ 53. Kg2 Rf6 54. h4 Rgf8 55. Kh2 1/2-1/2

[Event "Sakharov Memorial 1st"]
[Site "Kiev"]
[Date "2002.07.12"]
[Round "6"]
[White "Nikolaev, Leonid"]
[Black "Semenov, Dmitri"]
[Result "0-1"]
[WhiteElo "2301"]
[BlackElo "2309"]
[PlyCount "74"]
[EventDate "2002.07.07"]
[EventType "tourn"]
[EventRounds "11"]
[EventCountry "UKR"]
[EventCategory "4"]
[SourceTitle "EXT 2003"]
[Source "ChessBase"]
[SourceDate "2002.11.25"]
[SourceVersion "1"]
[SourceVersionDate "2002.11.25"]
[SourceQuality "1"]

1. Nf3 g6 2. c4 Bg7 3. d4 Nf6 4. g3 0-0 5. Bg2 d6 6. 0-0 Nbd7 7. Qc2 e5 8. Rd1 Re8 9. dxe5 dxe5 10. e4 c6 11. h3 Qc7 12. Be3 Bf8 13. c5 b6 14. b4 bxc5 15. bxc5 Qa5 16. Nbd2 Nxc5 17. Rdc1 Ncd7 18. Qxc6 Ba6 19. Nc4 Bxc4 20. Qxc4 Nb6 21. Qb3 Rab8 22. Ng5 Nbd5 23. Qc4 Rec8 24. Qd3 Nxe3 25. Qxe3 Bc5 26. Qe2 Bd4 27. Rxc8+ Rxc8 28. Rb1 Qa4 29. Qf3 Qc6 30. Qb3 Qc7 31. Kh2 Qe7 32. f4 exf4 33. gxf4 h6 34. Qa4 Be3 35. e5 Nh5 36. Rb7 Qc5 37. Qb3 Bxf4+ 0-1